000 00718nam a2200289Ia 4500
005 20260324120330.0
008 008 260324s9999 xx 000 0 eng d
020 _a9780429170027
037 _aEBOOK
040 _aCRL
040 _beng
040 _cCRL
041 _2eng
041 _aeng
084 _qCRL
100 _aStephen A. Devaux
_91158150
245 0 _aTotal Project Control
245 2 _bA Practitioner's Guide to Managing Projects as Investments, Second Edition
260 _bTaylor and Francis
260 _c2015
365 _a
365 _b240
856 _uhttp://www.taylorfrancis.com/books/9780429170027
942 _cEBOOK
999 _c1749624
_d1749624